000 00788nam a2200217 i 4500
001 77541
003 ES-MaACL
005 20250808011138.0
007 t|
008 041020q1909 sp |||| | spa d
100 1 _aAntón del Olmet, Luis,
_d1886-1923
_921947
245 1 3 _aEl libro de la vida bohemia /
_cLuis Antón del Olmet.
260 _aMadrid :
_b[s.n.,
_c1909] (
_fEstab. Tip. de Jaime Ratés)
300 _a196 p. ;
_c19 cm.
530 _aDisponible en formato digital.
650 7 _aVida bohemia
_2embne
_917789
852 _aES-MaACL
_jF-10310
_zRevisado enlace: 27 de julio de 2025
_cSPP2
_x Enciclopedia holandesa
856 4 _uhttp://bdh-rd.bne.es/viewer.vm?id=0000149100&page=1
_z(Biblioteca Digital Hispánica)
942 _2udc
999 _c77541
_d77541